• 首页
  • 本馆介绍
  • 公告通知
  • 最新文献
  • 馆藏检索
  • 电子资源
  • 读者导购
  • 参考咨询
  • 我的图书馆
  • 登录
  • 详细信息显示
  • 放入我的书架
  • 预约/预借图书
  • 作者相关作品
  • 分类相关作品
  • 丛书相关作品
  • 出版社相关作品

书目信息

  • 表格格式
  • 工作单格式
  • 卡片格式
题名:
食品加工技术、工艺和配方大全续集2 上
    
 
作者: 刘宝家 编
分册:  
出版信息: 北京   科学技术文献出版社  1995.11
页数: 508页
开本: 26cm
丛书名:
单 册:
中图分类: TS201.1
科图分类:
主题词: 食品工业
电子资源:
ISBN: 7-5023-2483-6
000 00644nam0 2200193 450
001 0835477746
005 20080918095309.30
010    @a7-5023-2483-6@dCNY27.50
100    @a20080918d1995 km y0chiy0120 ea
101 0  @achi
102    @aCN@b110000
200 1  @a食品加工技术、工艺和配方大全续集2 上@Ashi pin jia gong ji shu、gong yi he pei fang da quan xu ji 2 shang@f刘宝家等编@Fliu bao jia deng bian
210    @a北京@c科学技术文献出版社@d1995.11
215    @a508页@d26cm
606 0  @a食品工业
690    @aTS201.1@v4
701  0 @a刘宝家@Aliu bao jia@4编
801  0 @aCN@b大连网信软件有限公司图书馆·11@c20080918
905    @aBZT@dTS201.1@e152-2-1
    
    食品加工技术、工艺和配方大全续集2 上/刘宝家等编.-北京:科学技术文献出版社,1995.11
    508页;26cm
    
    
    ISBN 7-5023-2483-6:CNY27.50
    
●
相关链接 在五车中查询图书 在当当中查询图书 在豆瓣中查询图书


正题名:食品加工技术、工艺和配方大全续集2 上     索取号:TS201.1/152-2-1         预约/预借

序号 登录号 条形码 馆藏地/架位号 状态 备注
1 066341   200935284   中心书库中库/ 中库025架A面2列2层22/ [索取号:TS201.1/152-2-1] 在馆    
2 066342   200935319   中心书库中库/ 中库025架A面2列2层23/ [索取号:TS201.1/152-2-1] 在馆    
3 066343   200935293   中心书库中库/ 中库025架A面2列2层24/ [索取号:TS201.1/152-2-1] 在馆    
山东省滨州职业学院图书馆 欢迎您!
大连网信软件有限公司© 版权所有